000 00308nam a2200133Ia 4500
008 240624s9999 xx 000 0 und d
041 _aeng
082 _a823 FOR
100 _aFORSYTH FREDERICK
245 _aAFGHAN
260 _c2006
_aNew Delhi
_bCorgi Books
300 _a349 : p. : cm. ; 18
365 _cBPS
999 _c3810
_d3810